00564 a2200181 4500010001400000020002300014035001300037037001600050082000800066100002200074245009000096250001100186260004600197270006900243300003200312500002100344700001700365 aENG-89651 c395.00a0195693019 aEN-73184 bDBAD / PUB14a2701 aFyzee, Asaf A. A.1 aA modern approach to Islam/cby Asaf A..A. Fyzee with an introduction by Saiyid Hamid a2nd ed aNew DelhibOxford University Pressc2008 aYMCA Library Building, Jai Singh RoadbNew DelhicDelhie110001 axxxiii, 105p.c22 cm. (Hb) aIncludes index. aHamid Saiyid